La Economía política del socialismo: tareas de actualidad /

Gorde:
Xehetasun bibliografikoak
Egile nagusia: Kapustin, Eugueni
Formatua: Texto
Etiketak: Etiketa erantsi
Etiketarik gabe, Izan zaitez lehena erregistro honi etiketa jartzen!

MARC

LEADER 00000 a a2200000 04500
001 3137
003
040
100 |a Kapustin, Eugueni  
245 |a La Economía política del socialismo:   |b tareas de actualidad /  |c Eugueni Kapustin 
773 |g número 1; páginas 100-114  
999 |c 27507  |d 27507